000 00747nam a22001817a 4500
003 UA-OsUOA
001 17071
007 ta
008 20040209b un ||||| |||| 00| 0 ukr d
100 _aБурченя В.
942 _cSA
040 _aUA-OsUOA
_cUA-OsUOA
_dUA-OsUOA
245 _aКічатого нагородили Гермесом
_b[За сприяння розвитку туризму на Рівненщині заст. голови облдержадміністрації Ю.Кічатого нагороджено почес. відзнакою в образі Бога Гермеса]
300 _aС.2
955 _a0
773 0 _w0
_tОго
_dРівне
_d2004
_g№2/5 січ./
650 7 _aКраєзнавча робота
_2UDC
999 _c303239
_d303239